00658 2200253 4500001002100000005001700021008004100038020001800079035002400097040001200121082000800133090001500141100001900156245006300175260004200238300001900280500001100299650002000310700001700330850001200347990001500359990001500374990001500389YOGYA-0209000004014620090227025626.0 ind  a979-22-2218-9 0010-020900000040146 aYOPDYOG a813 a813bAks K aAKSANA, Andrei aKarena aku mencintaimucAndrei Aksana; editor, Hetih Rusli aJakartabGramedia Pustaka Utamac2006 a301 hlmc20 cm aAda CD aFiksi Indonesia aRusli, Hetih aYOPDYOG a07B0031804 a07B0031805 a07B0031806